000 00499nam a2200205Ia 4500
001 12850
003 GE_BSU
008 181216s||||||||xx |||||||||||||| ||und||
040 _cGE_BSU
080 _a547(075.32)
100 _aПотанов,В.М.
245 _aОрганическая химия
245 _bУчебник
260 _aМосква
260 _bХимия
260 _c1976
300 _a504стр.20см.
653 _aОрганическая химия
942 _cBK
999 _c46020
_d46020